Английский язык как средство международного общения: плюсы и минусы сложившейся ситуации; Проблемы геологии и освоения недр; Т. 2

التفاصيل البيبلوغرافية
Parent link:Проблемы геологии и освоения недр: труды XX Международного симпозиума имени академика М. А. Усова студентов и молодых ученых, посвященного 120-летию со дня основания Томского политехнического университета, Томск, 4-8 апреля 2016 г./ Национальный исследовательский Томский политехнический университет (ТПУ), Институт природных ресурсов (ИПР) ; Общество инженеров-нефтяников, международная некоммерческая организация, Студенческий чаптер ; под ред. А. Ю. Дмитриева.— , 2016
Т. 2.— 2016.— [С. 1202-1203]
المؤلف الرئيسي: Бетчанов Д. М.
مؤلف مشترك: Национальный исследовательский Томский политехнический университет (ТПУ) Институт природных ресурсов (ИПР) Кафедра иностранных языков (ИЯПР)
مؤلفون آخرون: Водина Е. С. (научный руководитель), Надеина Л. В. Луиза Васильевна
الملخص:Заглавие с экрана
اللغة:الروسية
منشور في: 2016
سلاسل:Геология, горное и нефтегазовое дело
Проблемы межязыковой профессиональной коммуникации в условиях глобализации
الموضوعات:
الوصول للمادة أونلاين:http://earchive.tpu.ru/handle/11683/32278
التنسيق: MixedMaterials الكتروني فصل الكتاب
KOHA link:https://koha.lib.tpu.ru/cgi-bin/koha/opac-detail.pl?biblionumber=620316

MARC

LEADER 00000naa2a2200000 4500
001 620316
005 20231214135939.0
035 |a (RuTPU)RU\TPU\conf\18790 
035 |a RU\TPU\conf\18789 
090 |a 620316 
100 |a 20160922d2016 k y0rusy50 ca 
101 0 |a rus 
102 |a RU 
105 |a y z 100zy 
135 |a drgn ---uucaa 
181 0 |a i  
182 0 |a b 
200 1 |a Английский язык как средство международного общения: плюсы и минусы сложившейся ситуации  |f Д. М. Бетчанов, Е. С. Водина  |g науч. рук. Л. В. Надеина 
203 |a Текст  |c электронный 
225 1 |a Геология, горное и нефтегазовое дело 
225 1 |a Проблемы межязыковой профессиональной коммуникации в условиях глобализации 
300 |a Заглавие с экрана 
320 |a [Библиогр.: с. 1203 (3 назв.] 
461 1 |0 (RuTPU)RU\TPU\conf\17456  |t Проблемы геологии и освоения недр  |o труды XX Международного симпозиума имени академика М. А. Усова студентов и молодых ученых, посвященного 120-летию со дня основания Томского политехнического университета, Томск, 4-8 апреля 2016 г.  |o в 2 т.  |f Национальный исследовательский Томский политехнический университет (ТПУ), Институт природных ресурсов (ИПР) ; Общество инженеров-нефтяников, международная некоммерческая организация, Студенческий чаптер ; под ред. А. Ю. Дмитриева  |d 2016 
463 1 |0 (RuTPU)RU\TPU\conf\17458  |t Т. 2  |v [С. 1202-1203]  |d 2016 
610 1 |a труды учёных ТПУ 
610 1 |a электронный ресурс 
610 1 |a английский язык 
610 1 |a международное обобществление 
610 1 |a глобализация 
700 1 |a Бетчанов  |b Д. М. 
701 1 |a Водина  |b Е. С. 
702 1 |a Надеина  |b Л. В.  |c лингвист  |c доцент Томского политехнического университета, кандидат филологических наук  |f 1965-  |g Луиза Васильевна  |4 727  |9 12770 
712 0 2 |a Национальный исследовательский Томский политехнический университет (ТПУ)  |b Институт природных ресурсов (ИПР)  |b Кафедра иностранных языков (ИЯПР)  |3 (RuTPU)RU\TPU\col\18662 
801 2 |a RU  |b 63413507  |c 20160930  |g RCR 
856 4 |u http://earchive.tpu.ru/handle/11683/32278 
942 |c BK